Paroles - Naps feat. Sofiane & Kalif Hardcore - Chicha kaloud - Statistiques

Statistiques générales
  • Ce quiz a été pris 75 fois
  • Le résultat moyen est 147 sur 263
Statistiques - réponses
Indices Paroles % Correct
a
100%
À
100%
à
100%
de
100%
l'
100%
la
100%
le
98%
t
98%
un
98%
Elle
97%
elle
97%
truc
95%
chicha
94%
dégaine
94%
ouf
94%
week-end
94%
fume
92%
kaloud
92%
Khapta
86%
je
69%
Intro [Naps] Okay
66%
con
61%
ma
59%
en
56%
Couplet 1 [Naps] Tu
56%
tu
56%
avec
55%
pas
53%
ce
52%
N.A.P.S
50%
quand
50%
Quand
50%
Va
50%
zone
50%
c'est
48%
C'est
48%
dans
48%
connais
47%
des
47%
dit
47%
faire
47%
les
47%
t'avais
47%
tes
47%
casque
44%
comme
44%
j'arrive
44%
on
44%
Daft Punk
42%
poto
42%
pétou
39%
phares
39%
chaud
38%
enlève
38%
gros
38%
Pont [Naps] ×2 Lambo'
38%
malade
38%
trop
38%
caramello
36%
faisait
36%
shit
36%
une
36%
vas
36%
folle
34%
j'fume
34%
J'suis
34%
j'suis
34%
qui
34%
direct
33%
Fianso
33%
il
33%
Maranello
33%
toujours
33%
tranquille
33%
y
33%
Amaretto
31%
assume
31%
Christian
31%
cinq
31%
Dior
31%
dis
31%
étoiles
31%
Koh-Lanta
31%
l'ai
31%
personne
31%
plus
31%
quée-cho
31%
renta'
31%
au
30%
Monte
30%
s'embrouille
30%
toi
30%
violenter
30%
j'roule
28%
nous
28%
Pablo
28%
poteaux
28%
Rafaello
28%
sur
28%
VVS
28%
aime
27%
comprendre
27%
du
27%
grosse
27%
Kalif
27%
matrixé
27%
Montana
27%
Nabil
27%
Real
27%
sais
27%
amuse
25%
bague
25%
cristaux
25%
fait
25%
j'lui
25%
j'me
25%
j'vais
25%
J'vais
25%
mythos
25%
offre
25%
qu'on
25%
sens
25%
Y a
25%
bonbons
23%
joue
23%
Cristo
22%
gadji
22%
gamberge
22%
j'bois
22%
m'dit
22%
porter
22%
salades
22%
tantôt
22%
d'Hollandais
20%
J'ai
20%
per-cho
20%
piloter
20%
poche
20%
t'apprendre
20%
cigare
19%
conseil
19%
j'mallume
19%
l'rap
19%
business
17%
Eristoff
17%
Qu'elles
17%
showcases
17%
viennent
17%
mythonner
16%
qu'est
16%
shouf
16%
lui
14%
oint-j
14%
sertie
14%
trouver
14%
haja
11%
J'demandais
9%
j'vole
9%
J'lâche
8%
Couplet 2 [Sofiane] Check
5%
d'détress
5%
Aucun quiz correspondant
Distribution des résultats
% des personnes avec chaque résultat
Percentile par nombre de réponses
Votre historique - résultats
Vous n’avez pas pris ce quiz